| 000 | 03333ctm a2200361 i 4500 | ||
|---|---|---|---|
| 003 | SA-RiAUC | ||
| 005 | 20251216125123.0 | ||
| 008 | 251208s1988 su f bm 00010 ara c | ||
| 024 | 0 | _a00000000993561 | |
| 040 |
_aSA-JeALM _bara _cSA-RiAUC _dAE-DuMBRL _erda |
||
| 050 | 4 | _b.F55 1988 | |
| 082 | 0 | 4 | _a258.2 |
| 090 |
_aر 258.2 _bف ل م |
||
| 100 | 1 |
_aفلمبان، حسان محمد حسين _eمؤلف. |
|
| 245 | 1 | 0 |
_aخبر الواحد إذا خالف عمل أهل المدينة : _bدراسة تطبيقة / _cإعداد الطالب حسان محمد حسين عبد الغني فلمبان ؛ إشراف الأستاذ الدكتور عبد الوهاب إبراهيم أبو سليمان. |
| 264 | 0 |
_aمكة المكرمة : _bجامعة أم القرى _c1988 |
|
| 300 |
_a437 ورقة ؛ _c30 × 21 سم |
||
| 336 |
_aنص _btxt _2rdacontent _3أطروحة |
||
| 337 |
_aبدون وسيط _bn _2rdamedia |
||
| 338 |
_aمجلد _bnc _2rdacarrier |
||
| 500 | _aأطروحة (ماجستير)-جامعة أم القرى، 1400 هجري. | ||
| 502 |
_bماجستير _cجامعة أم القرى، كلية الشريعة والدراسات الإسلامية، قسم الدراسات العليا الشرعية، شعبة الفقه وأصوله، فرع أصول الفقه _d1988. |
||
| 504 | _aيشتمل على إرجاعات ببليوجرافية. | ||
| 520 | _aيتناول كتاب (خبر الواحد إذا خالف عمل أهل المدينة) والذي قام بتأليفه حسان محمد حسين عبد الغني فلمبان، موضوع (أصول الفقه) هذا الكتاب رسالة علمية وهو بحث مقدم للحصول على درجة الماجستير في الفقه والأصول، يناقش علاقة موضوعين رئيسين ببعضهما، فمن ثم استوجب البحث دراسة كل منهما دراسة وافية مستقلة في فصلين أولهما خبر الواحد، وثانيهما عمل أهل المدينة، ثم عرض المسائل التي تمثل هذا التعارض وما يترجح منهما. ففي الخبر الواحد تم بحث تعريفه، وبيان حجيته، وما يفيده من العلم أو الظن، وقد عني هذا الفصل بالمباحث التي تمس البحث بحيث لا يتطرق إلى مباحث كلامية خارجة. وأما عمل أهل المدينة فقد احتاج البحث فيه إلى دراسة أمور منها: موقف الأصوليين من عمل أهل المدينة، وموقف المالكية، ثم دراسة الأقوال في عمل أهل المدينة بحسب ورودها تاريخيا. حتى تم التوصل إلى تقرير أن عمل أهل المدينة النقلي هو النوع الذي يحتج به، وكذا عملهم المتصل دون الاجتهادي. | ||
| 650 | 7 |
_aحديث الآحاد _2aucsh |
|
| 650 | 7 |
_aالحديث _xإسناد _2aucsh |
|
| 650 | 7 |
_aأصول الفقه الإسلامي _2aucsh |
|
| 650 | 7 |
_aالفقه المالكي _2aucsh |
|
| 650 | 7 |
_aالاستنباط (أصول فقه) _2aucsh |
|
| 700 |
_aأبو سليمان, الدكتور عبد الوهاب إبراهيم. _eإشراف |
||
| 942 |
_2ddc _cTHESES _n0 |
||
| 949 |
_aSA-JeALM _d251208 _umohamedma123 _n1 |
||
| 999 |
_c13566 _d13566 |
||